LDR 00927naa#a2200169#i#450# 001 RU\\bibl\126790 005 20260701130705.3 011 ## _a1815-588X 100 ## _a20260630b2026####ek#y0rusy0150####ca 102 ## _aRU 200 1# _aЭкспериментальные исследования термомеханических напряжений в асинхронных электродвигателях локомотивов _eЖурнальная статья 210 1# _aСанкт-Петербург _cФГБОУ ВО "Петербургский государственный университет путей сообщения Императора Александра I" _d2026 215 ## _a9 с. 608 ## _aЖурнальная статья _2local 675 ## _aЭлектрические тяговые двигатели. 629.423.31 _z 700 #1 _aШрайбер _gМарина Александровна 856 4# _aitt-pgups.ru _u